01866nam a22002177a 4500008004100000020001800041040000800059041000800067050002500075100004300100245008100143250001900224260006900243300006200312520044700374520068400821650002201505942000801527952009801535999001501633250217b |||||||| |||| 00| 0 eng d a9788417633943 ctbs aspa aHF5548.85bV648 2019 aVidal Lacosta, Víctor924764eauthor aEl estrés laboralb: análisis y prevención c/ Víctor Vidal Lacosta. aFirst edition. aZaragoza, Spain :bPrensas de la Universidad de Zaragoza,c2019. a174 pages :billustrations, charts (some color) ;c22 cm. aEl libro aborda un tema actual en el que se describe de una manera minuciosa el estrés, repasando su historia evolutiva, sus aspectos fisiológicos y su repercusión sobre el individuo. Se enumeran las distintas fuentes que originan el estrés laboral y las repercusiones que sobre la salud del trabajador tienen, así como las medidas de la empresa y del trabajador que se deben aplicar para impedirlo (la mejor arma, la prevención). aThis book delves into a highly relevant and timely topic: stress. Through a detailed analysis, it explores the evolutionary history of stress, its physiological aspects, and its impact on individuals. It identifies the various sources of work-related stress, examining their effects on employees' health and well-being. Additionally, it outlines preventive measures that both companies and workers can implement to mitigate stress, emphasizing that prevention is the most powerful tool. By providing a thorough exploration of stress and its consequences, this book serves as an essential resource for anyone looking to better understand and manage workplace stress effectively. 0aJob stress924545 2lcc 00102lcc4070aTBSbTBSd2025-02-17l0oHF5548.85 VIDpB05943r2025-02-17t1w2025-02-17y1 c4504d4504